Best Formula 1 teams without podium - Statistics

General Stats
  • This quiz has been taken 79 times
  • The average score is 5 of 22
Answer Stats
Races Team % Correct
144 Haas
87%
340 Minardi
54%
56 Caterham
45%
73 Marussia
45%
56 HRT
39%
21 Manor
36%
38 Virgin
28%
39 Super Aguri
25%
53 Zakspeed
15%
22 Pacific
13%
47 AGS
12%
23 Forti
12%
132 Osella
10%
21 Simtek
10%
99 Ensign
9%
89 ATS
7%
32 Larrousse
7%
28 RAM
7%
20 Rial
6%
23 Spirit
4%
33 Theodore
4%
30 ISO
1%
No matching quizzes found
Score Distribution
Percent of People with Each Score
Percentile by Number Answered
Your Score History
You have not taken this quiz